| 000 | 00860nab a2200253 u 4500 | ||
|---|---|---|---|
| 001 | 13199 | ||
| 003 | HDC | ||
| 007 | cr bn ---aaaaa | ||
| 008 | 210212c my dr|nes 0 |0eng | ||
| 040 | _aHDC | ||
| 100 |
_aFiona, Ho, _eauthor _914011 |
||
| 245 | 0 |
_aAre These The Best Places To Shop For Groceries Online In Malaysia? / _cby Fiona Ho |
|
| 260 |
_a[no place] : _b[publisher not identified], _c[no year] |
||
| 336 |
_atext _2rdacontent |
||
| 337 |
_acomputer _2rdamedia |
||
| 338 |
_aonline resource _2rdacarrier |
||
| 650 |
_aHypermarket _99936 |
||
| 650 |
_aOnline shopping _914012 |
||
| 710 | _aMSN Malaysia | ||
| 856 | _zRequest full-text at [email protected] | ||
| 942 | _2lcc | ||
| 942 | _cNEWS | ||
| 942 | _kNWSO 002853 | ||
| 999 |
_c10515 _d10515 |
||